Ricostruisci la Carriera del Calciatore - Gianluca Caprari - Statistics

Statistiche generali
  • Questo quiz è stato fatto 6 volte
  • Il punteggio medio è 2 su 9
Statistiche sulle risposte
Hint Risposta % Corretto
2022- Monza
67%
2020 Parma
33%
2014-2017 Pescara
33%
2017-2020 Sampdoria
33%
2021-2022 Verona
33%
2020-2021 Benevento
0%
2012-2013 Pescara
0%
2010-2012 Roma
0%
2013-2014 Roma
0%
Nessun quiz corrispondente trovato
Distribuzione punteggi
Percentuale di utenti per punteggio
Percentile per numero di risposta
I tuoi punteggi nel tempo
Non hai fatto questo quiz